1597 1180 1535 1794 1373 1230 1288 1742 1382 1158 1896 1381 1934 1217 1829 1926 1367 1451 1747 1241 1026 1983 1051 1872 1790 1263 1607 1448 1931 1644 1365 1184 1674 1635 1882 1541 1346 1222 1247 1832 1123 1722 1740 1270 1836 1429 1483 1934 1250 1578 1444 1038 1642 1188 1354 1926 1114 1207 1817 1524 1391 1855 1567 1031 1356 1948 1729 1591 1247 1259 1799 1077 1831 1767 1762 1300 1243 1027 1943 1626 1669 1099 1560 1768 1469 1408 1210 1181 1770 1689 1238 1686 1144 1291 1773 1387 1491 1840 1177 BCNSPRNW ULIB Ver.6.0+V

เปลี่ยนเป็นภาษาไทย

Change to English
 แสดงรายละเอียดบรรณานุกรม
  กลับหน้าหลัก

Brief Record : Get Marc (ISO 2709) : E-mail record : QR code < ปิดหน้าต่าง
LEADER : 00000nam 2200000uu 4500
001    13399121228
003     ULIB
008    121109s2546||||th 000 0 tha d
020    ^a9749553543
050  4 ^aPL4157^bบ792ก
100 0  ^aเบญจมาศ อยู่เป็นแก้ว
245 10 ^aแนวทางการจัดกิจกรรมการเรียนรู้กลุ่มสาระการเรียนรู้ภาษาไทย :^bสาระที่ 3 การฟัง การดู และการพูด /^cเบญจมาศ อยู่เป็นแก้ว
246 14 ^a แนวทางการจัดกิจกรรมการเรียนรู้กลุ่มสาระการเรียนรู้ภาษาไทย ตามหลักสุตรการศึกษาขั้นพื้นฐานพุทธศักราช 2544 :^bการฟัง การดู และการพูด
246 18 ^aการฟัง การดูและการพูด
250    ^aพิมพ์ครั้งที่ 1
260    ^aกรุงเทพฯ :^bศูนย์พัฒนาการเรียนรู้,^c2546
300    ^a156 หน้า :^bภาพประกอบ ;^c21 ซม.
650  4 ^aภาษาไทย^xกิจกรรมการเรียนการสอน
650  4 ^a ภาษาไทย^xการใช้ภาษา
945    ^p95^l0^i14315
995    ^aวิภา
999 ^a ทศพร
รายการนี้ยังไม่มีแท็ก
คุณยังไม่ได้ล็อกอิน คุณสามารถมีกิจกรรมร่วมกับเว็บไซต์ได้ แต่ต้องล็อกอินก่อน ::
  ล็อกอิน

รายการสื่อสารสนเทศ

ลำดับที่ ประเภท เลขเรียก/บาร์โค้ด สถานที่ สถานะ
1. วิทยาศาสตร์การแพทย์ และสุขภาพ
วิทยาศาสตร์การแพทย์ และสุขภาพ
PL4157 บ792ก  
  Barcode: 14315
ห้องสมุดวิทยาเขตสวรรค์ประชารักษ์
►หนังสือทั่วไป
บนชั้น

รายการใกล้เคียง
    ผู้แต่ง [เบญจมาศ อยู่เป็นแก้ว]

BibComment


ยังไม่เคยถูกคอมเมนท์

คอมเมนท์ทรัพยากรรายการนี้
  คอมเมนท์: แนวทางการจัดกิจก..


 Copyright 2026. Bcnsprnw @Library